| 000 | 00637nam a2200193 a 4500 | ||
|---|---|---|---|
| 008 | 120416s1991 ||||||||||||||||| || u | ||
| 020 | _a0210574176 | ||
| 050 | _aQC 21.2 Sea | ||
| 100 | _aSears, Francis W | ||
| 245 | 1 | 0 | _aCollege physics. (7th ed.) |
| 250 | _a7th ed. | ||
| 260 |
_aReading, Mass.: _bAddison-Wesley _c1991 |
||
| 300 | _axvii, 1060, A-21, I-13p. : ill. | ||
| 350 | _a0.00 | ||
| 650 | _aPHYSICS--STUDY AND TEACHING | ||
| 650 | 0 | _aPHYSICS | |
| 700 | _aYoung, Hugh D | ||
| 995 |
_D0.00 _FCBU-MAIN LIBRARY (Kitwe) _H1 _I0.00 _M1 _UAVAILABLE _WDec 7, 2007 _ZShort Loan Collection |
||
| 999 |
_c37704 _d37704 |
||